Statistics for Satellite Picture Quiz

Click here to take the quiz!

General Stats

  • This quiz has been taken 30 times
  • The average score is 6 of 6

Answer Stats

Answer% Correct
Iceland
100%
Australia
96%
North America
96%
Ireland
93%
Scandinavia
93%
UK
93%

Score Distribution

Percentile by Number Answered

Percent of People with Each Score

Your Score History

You have not taken this quiz